000 00450nam a2200181Ia 4500
001 24379
005 20260414151039.0
008 260414t2009||||xx |||||||||||||| ||spa||
041 _aESP
082 _a345.7
_bD64
100 _aDevis Echandía, Hernando
_eAUT
245 0 _aNociones generales de derecho procesal civil
_b
260 _c2009
300 _a904 páginas :
_c24 cm.
650 _aDER
654 _aCDE
942 _cLIB
_dJUS
_fJUS
_2ddc
_n
999 _c24379
_d24379